<?xml version="1.0" encoding="UTF-8"?><?xml-stylesheet type="text/xsl" href="static/style.xsl"?><OAI-PMH xmlns="http://www.openarchives.org/OAI/2.0/" xmlns:xsi="http://www.w3.org/2001/XMLSchema-instance" xsi:schemaLocation="http://www.openarchives.org/OAI/2.0/ http://www.openarchives.org/OAI/2.0/OAI-PMH.xsd"><responseDate>2026-04-13T01:40:17Z</responseDate><request verb="GetRecord" identifier="oai:www.recercat.cat:2099.1/24561" metadataPrefix="marc">https://recercat.cat/oai/request</request><GetRecord><record><header><identifier>oai:recercat.cat:2099.1/24561</identifier><datestamp>2025-07-23T00:25:39Z</datestamp><setSpec>com_2072_1033</setSpec><setSpec>col_2072_452951</setSpec></header><metadata><record xmlns="http://www.loc.gov/MARC21/slim" xmlns:dcterms="http://purl.org/dc/terms/" xmlns:xsi="http://www.w3.org/2001/XMLSchema-instance" xmlns:doc="http://www.lyncode.com/xoai" xsi:schemaLocation="http://www.loc.gov/MARC21/slim http://www.loc.gov/standards/marcxml/schema/MARC21slim.xsd">
   <leader>00925njm 22002777a 4500</leader>
   <datafield ind2=" " ind1=" " tag="042">
      <subfield code="a">dc</subfield>
   </datafield>
   <datafield ind2=" " ind1=" " tag="720">
      <subfield code="a">Roca Vallès, Andreu</subfield>
      <subfield code="e">author</subfield>
   </datafield>
   <datafield ind2=" " ind1=" " tag="260">
      <subfield code="c">2014-12</subfield>
   </datafield>
   <datafield ind2=" " ind1=" " tag="520">
      <subfield code="a">El present treball es basa en la utilització d’aiguamolls construïts per al tractament d’aigües&#xd;
residuals.&#xd;
L’objectiu principal del treball és avaluar el comportament d’una planta híbrida d’aiguamolls&#xd;
construïts de tres fases (vertical, horitzontal i flux lliure) i un tractament primari (reactor HUSB)&#xd;
per al tractament d’aigües residuals a escala pilot. En el marc d’aquest treball es va monitoritzar&#xd;
la planta des d’octubre de 2013 fins abril de 2014.&#xd;
La planta pilot ha mostrat ser un bon sistema de tractament d’aigües residuals. Els valors mitjans&#xd;
d’eliminació de contaminants són elevats (major del 70% en tots els contaminants principals).&#xd;
S’ha pogut observar que l’ eficiència d’eliminació de la planta es veu afectada per la temperatura&#xd;
ambient, arribant a reduir en un 14% l’eficiència d’eliminació de l’amoni durant la temporada&#xd;
freda.&#xd;
Es va comprovar també que el rendiment d’eliminació de sòlids en suspensió del HUSB era&#xd;
negatiu (-38%). Es va realitzar un estudi comparatiu del funcionament de la planta amb HUSB i&#xd;
sense, per a comprovar la influència en el seu funcionament. En operar sense tractament primari&#xd;
s’ha comprovat que l’eliminació de contaminants del sistema és elevada (major del 80% en tots&#xd;
els contaminants principals) en condiciona ambientals càlides.&#xd;
Finalment, és va realitzat una assaig de traçadors que mostra un temps de retenció hidràulica de&#xd;
la planta, és de 36 hores. La durada de l’assaig de pluja extrema (10 hores) realitzat prèviament&#xd;
(Donoso 2013) està molt per sota d’aquest temps. Per aquest motiu, seria interessant fer una&#xd;
simulació de pluja extrema amb una durada de l’assaig més elevada.</subfield>
   </datafield>
   <datafield tag="653" ind2=" " ind1=" ">
      <subfield code="a">Àrees temàtiques de la UPC::Enginyeria civil::Enginyeria hidràulica, marítima i sanitària::Enginyeria  sanitària</subfield>
   </datafield>
   <datafield tag="653" ind2=" " ind1=" ">
      <subfield code="a">Swamps</subfield>
   </datafield>
   <datafield tag="653" ind2=" " ind1=" ">
      <subfield code="a">Sewage -- Purification</subfield>
   </datafield>
   <datafield tag="653" ind2=" " ind1=" ">
      <subfield code="a">aiguamolls construïts</subfield>
   </datafield>
   <datafield tag="653" ind2=" " ind1=" ">
      <subfield code="a">tractament d'aigües</subfield>
   </datafield>
   <datafield tag="653" ind2=" " ind1=" ">
      <subfield code="a">Aiguamolls</subfield>
   </datafield>
   <datafield tag="653" ind2=" " ind1=" ">
      <subfield code="a">Aigües residuals -- Depuració</subfield>
   </datafield>
   <datafield ind2="0" ind1="0" tag="245">
      <subfield code="a">Caracterització de l'eficiència d'eliminació d'un sistema híbrid d'aiguamolls construïts de tres etapes</subfield>
   </datafield>
</record></metadata></record></GetRecord></OAI-PMH>